000 00674cam a2200241 a 4500
001 3871074
005 20180301045335.0
008 890912m19901991nyua 001 0 eng
010 _a 89013290
020 _a0060410876 (v. 1)
020 _a0060410884 (v. 2)
020 _a0060410892 (v. 3)
040 _aDLC
_cDLC
_dDLC
041 _aeng
080 _a428.24 byr
082 0 0 _a428.24 byr
_220
100 1 _a25
101 _aedu
245 1 0 _aWrite away :
_cDonald R.H. Byrd, Gloria Gallingane.
906 _a7
_bcbc
_corignew
_d1
_eocip
_f19
_gy-gencatlg
942 _2ddc
_cBK
999 _c43801
_d43801